[Event "POLFINAL MISTRZOSTW POLSKI JUNIOROW 2019 - C13"]
[Site "Ustron"]
[Date "1899-12-30"]
[Round "8.8"]
[White "Wieczorek, Mikolaj"]
[Black "Kotowicz, Kamil"]
[Result "1-0"]
[WhiteTitle "I"]
[BlackTitle "II"]
[WhiteElo "1792"]
[BlackElo "1512"]

1. e4 c6 2. d4 d5 3. Nc3 dxe4 4. Nxe4 Bf5 5. Ng3 Bg6 6. h4 h6 7. Nf3 Nd7 8. h5
Bh7 9. Bd3 Bxd3 10. Qxd3 Qc7 11. Bd2 e6 12. O-O-O Ngf6 13. Ne4 O-O-O 14. g3 Nxe4
15. Qxe4 Nf6 16. Qe2 Bd6 17. Kb1 Kb8 18. c4 c5 19. Bc3 Qe7 20. a3 Ka8 21. Ne5
cxd4 22. Bxd4 Rhg8 23. f4 Nd7 24. Nxd7 Rxd7 25. Qe3 a6 26. c5 Bb8 27. c6 bxc6
28. Qe2 Kb7 29. Rd3 Rd5 30. Rb3+ Rb5 31. Rxb5+ axb5 32. Qe4 f6 33. Rc1 Qd7 34.
a4 bxa4 35. Bc5 Rd8 36. Qb4+ Kc8 37. Qxa4 Qd3+ 38. Ka1 Kb7 39. Be7 Rc8 40. Rc3
Qf1+ 41. Ka2 Qh1 42. Qb4+ Ka8 43. Ra3+ Ba7 44. Rxa7+ Kxa7 45. Bc5+ Ka8 46. Qa5+
1-0

[Event "POLFINAL MISTRZOSTW POLSKI JUNIOROW 2019 - C13"]
[Site "Ustron"]
[Date "1899-12-30"]
[Round "8.9"]
[White "Lakowski, Filip"]
[Black "Madajczak, Piotr"]
[Result "0-1"]
[WhiteTitle "II"]
[BlackTitle "I"]
[WhiteElo "1310"]
[BlackElo "1676"]

1. e4 c6 2. d4 d5 3. exd5 cxd5 4. c4 Nf6 5. Nc3 e6 6. Nf3 Be7 7. c5 O-O 8. Bd3
b6 9. cxb6 axb6 10. Bc2 Ba6 11. Ne5 Nfd7 12. f4 f5 13. g4 Bh4+ 14. Kd2 Nxe5 15.
dxe5 d4 16. Na4 b5 17. Qf3 Nd7 18. gxf5 bxa4 19. fxe6 Nxe5 20. Qh5 d3 21. e7 Qa5+
22. Kd1 dxc2+ 23. Kxc2 Rfc8+ 24. Kd1 Qd5+ 25. Bd2 Qxh1+ 26. Be1 Qxe1# 0-1

[Event "POLFINAL MISTRZOSTW POLSKI JUNIOROW 2019 - C13"]
[Site "Ustron"]
[Date "1899-12-30"]
[Round "8.10"]
[White "Grzybek, Mikolaj"]
[Black "Sputowski, Jakub"]
[Result "1/2-1/2"]
[WhiteTitle "II"]
[BlackTitle "I"]
[WhiteElo "1382"]
[BlackElo "1655"]

1. e4 c5 2. Nf3 d6 3. d4 cxd4 4. Nxd4 Nf6 5. Nc3 a6 6. f3 e5 7. Nb3 Be7 8. Be3
Be6 9. Nd5 Nxd5 10. exd5 Bf5 11. c4 Nd7 12. Be2 O-O 13. O-O Rc8 14. Rc1 Bg6 15.
Re1 f5 16. f4 Bf6 17. Qd2 b6 18. Red1 Nc5 19. Nxc5 bxc5 20. Bd3 Rb8 21. Rb1 e4
22. Be2 Qc7 23. Rdc1 Rb4 24. Bd1 Rfb8 25. b3 a5 26. a3 R4b7 27. Kf1 Be8 28. Bf2
Ba4 29. Qa2 Bd7 30. Qd2 h6 31. Be3 Be8 32. g3 1/2-1/2

[Event "POLFINAL MISTRZOSTW POLSKI JUNIOROW 2019 - C13"]
[Site "Ustron"]
[Date "1899-12-30"]
[Round "8.11"]
[White "Miler, Franciszek"]
[Black "Nowak, Filip"]
[Result "0-1"]
[WhiteTitle "II"]
[BlackTitle "I"]
[WhiteElo "1355"]
[BlackElo "1629"]

1. e4 c5 2. Nc3 Nc6 3. f4 e6 4. Nf3 Nge7 5. e5 Nf5 6. Bb5 d5 7. Bxc6+ bxc6 8. d3
Ba6 9. b3 Qa5 10. Bd2 Qb6 11. Na4 Qc7 12. c4 Rd8 13. g4 Nd4 14. Nxd4 cxd4 15.
c5 Bxd3 16. Bc1 Be4 17. O-O d3 18. b4 Rb8 19. a3 Qe7 20. Nc3 f5 21. g5 g6 22.
h4 h6 23. Qe1 hxg5 24. fxg5 Qh7 25. Rf4 Be7 26. Qg3 a5 27. Bd2 O-O 28. Na2 axb4
29. Bxb4 Rb5 30. Qf2 Bxg5 31. Nc3 Bxf4 32. Nxb5 Bxe5 33. Nc3 Qh8 34. Rc1 Bd4 0-1

[Event "POLFINAL MISTRZOSTW POLSKI JUNIOROW 2019 - C13"]
[Site "Ustron"]
[Date "1899-12-30"]
[Round "8.12"]
[White "Goszyk, Bartosz"]
[Black "Kozera, Dawid"]
[Result "0-1"]
[WhiteTitle "II+"]
[BlackTitle "II"]
[WhiteElo "1605"]
[BlackElo "1423"]

1. e4 c5 2. Nf3 e6 3. d4 cxd4 4. Nxd4 Nf6 5. Nc3 Bb4 6. Bd3 e5 7. Nde2 O-O 8. Bg5
Nc6 9. O-O Be7 10. Bxf6 Bxf6 11. Nd5 d6 12. Bc4 Be6 13. c3 Na5 14. Bb3 Rc8 15.
Qd3 Nxb3 16. axb3 a6 17. Rfd1 Rc6 18. c4 Be7 19. Nec3 f5 20. Qe2 fxe4 21. Nxe4
Bxd5 22. Rxd5 Qb6 23. Qd3 Rf4 24. Rd1 Rxe4 25. Qxe4 Qxb3 26. Qf5 Qxc4 27. Qd7
Qxd5 28. Qe8+ Bf8 29. Qh5 Qf7 30. Qg4 Rc4 31. Qe2 Qc7 32. Qd2 Rd4 33. Qe2 Qc4
34. Qh5 Rxd1+ 35. Qxd1 Qd4 36. Qc2 d5 37. g3 Bc5 38. Qf5 Qxf2+ 0-1

[Event "POLFINAL MISTRZOSTW POLSKI JUNIOROW 2019 - C13"]
[Site "Ustron"]
[Date "1899-12-30"]
[Round "8.13"]
[White "Goral, Jan"]
[Black "Stefaniuk, Zbigniew"]
[Result "1/2-1/2"]
[WhiteTitle "I"]
[BlackTitle "II"]
[WhiteElo "1564"]
[BlackElo "1446"]

1. d4 d5 2. c4 e6 3. Nf3 c6 4. g3 f5 5. Bg2 Nf6 6. O-O Be7 7. Nbd2 O-O 8. b3 Ne4
9. Bb2 b6 10. Ne5 Bb7 11. Ndf3 Qe8 12. Nd3 Nd7 13. Nfe5 Bd6 14. f3 Nef6 15. Qd2
c5 16. e3 Rc8 17. Rfe1 Ba6 18. Rac1 Qe7 19. a4 Bb7 20. a5 Rfd8 21. Qe2 cxd4 22.
exd4 Re8 23. axb6 axb6 24. Ra1 Ra8 25. Rxa8 Bxa8 26. Ra1 Nf8 27. Bc3 Rc8 28. Ra6
Qc7 29. Qa2 Bb7 30. Ra7 Qe7 31. Kh1 Bb8 32. Bb4 Qc7 33. Ra3 N8d7 34. c5 Nxe5 35.
Nxe5 Nd7 36. Nxd7 Qxd7 37. f4 Qb5 38. Qd2 Rc6 39. Kg1 bxc5 40. Bxc5 Rxc5 41. Qe1
Rc6 42. Ra5 Qb6 43. Bxd5 Qxd4+ 44. Kh1 Rd6 45. Bxb7 Kf7 46. Bf3 Qb6 47. b4 Bc7
48. Rc5 Bb8 49. Qc3 Rd7 50. Qb3 Bd6 51. Rxf5+ Ke7 52. Rg5 g6 53. Bg4 Qc6+ 54.
Kg1 Qb6+ 55. Kg2 Bxb4 56. Re5 Rd2+ 57. Kh3 Rd6 58. Qc4 Rc6 59. Qe4 Bc3 60. Rd5
Rd6 61. Rxd6 Qxd6 62. Qb7+ Qd7 63. Qb3 Bf6 64. Qa3+ Qd6 65. Qa7+ Qd7 66. Qb8 Kf7
1/2-1/2

[Event "POLFINAL MISTRZOSTW POLSKI JUNIOROW 2019 - C13"]
[Site "Ustron"]
[Date "1899-12-30"]
[Round "8.14"]
[White "Rylski, Tadeusz"]
[Black "Kubik, Rafal"]
[Result "1/2-1/2"]
[WhiteTitle "II+"]
[BlackTitle "II+"]
[WhiteElo "1680"]
[BlackElo "1552"]

1. d4 Nf6 2. c4 g6 3. Nf3 Bg7 4. g3 c6 5. Bg2 d5 6. Nbd2 O-O 7. O-O Nbd7 8. b3
b6 9. Bb2 Bb7 10. Rc1 Rc8 11. Re1 e6 12. e4 dxe4 13. Ng5 c5 14. Ngxe4 Nxe4 15.
Nxe4 Bxe4 16. Rxe4 cxd4 17. Bxd4 Nc5 18. Bxg7 Kxg7 19. Rd4 Qf6 20. Rc2 Rfd8 21.
Rcd2 Rxd4 22. Rxd4 Rc7 23. h4 h5 24. Rd8 Qe7 25. Qd4+ e5 26. Qd6 Qxd6 27. Rxd6
Rd7 28. Rxd7 Nxd7 29. Kf1 f6 30. Ke2 Kf7 31. b4 Ke7 32. Kd3 Kd6 33. Bd5 Nf8 34.
Ke4 1/2-1/2

[Event "POLFINAL MISTRZOSTW POLSKI JUNIOROW 2019 - C13"]
[Site "Ustron"]
[Date "1899-12-30"]
[Round "8.15"]
[White "Wolski, Michal"]
[Black "Klisowski, Bartosz"]
[Result "0-1"]
[WhiteTitle "II"]
[BlackTitle "II"]
[WhiteElo "1584"]
[BlackElo "1434"]

1. d4 Nf6 2. c4 g6 3. Nc3 d5 4. cxd5 Nxd5 5. g3 Bg7 6. Bg2 Nxc3 7. bxc3 c5 8. e3
Nc6 9. Ne2 O-O 10. O-O Qc7 11. Ba3 cxd4 12. cxd4 Rd8 13. Rc1 Qa5 14. Qb3 Qa6 15.
Nc3 e5 16. d5 Na5 17. Qc2 Nc4 18. Bb4 Bf5 19. e4 Bd7 20. Rfd1 Rac8 21. Qe2 Bh6
22. Rb1 Bf8 23. Bxf8 Kxf8 24. Bf1 b6 25. Rb4 Qa5 26. Rxc4 Rxc4 27. Qxc4 Rc8 28.
Qb3 Rxc3 29. Qb2 Qc5 30. Rd2 b5 31. Kg2 Qc8 32. Qb4+ Kg8 33. Kg1 Rc1 34. Qb3 a5
35. Rd1 Rc3 36. Qb2 b4 37. Bg2 Qc5 38. Qe2 Rc2 39. Rd2 Rc1+ 40. Rd1 Bb5 41. Qe1
Rc2 42. Rd2 Qc3 43. Rd1 Rxa2 44. Qxc3 bxc3 45. d6 c2 46. Rc1 Rb2 47. d7 Bxd7 48.
Bf1 Ba4 49. Bd3 Bb3 50. Kg2 a4 51. Ra1 Ra2 52. Rc1 a3 53. Re1 Rb2 54. Ra1 a2 55.
Rc1 Rb1 56. Rxb1 axb1=Q 0-1

[Event "POLFINAL MISTRZOSTW POLSKI JUNIOROW 2019 - C13"]
[Site "Ustron"]
[Date "1899-12-30"]
[Round "8.16"]
[White "Szymczyk, Antoni"]
[Black "Pancewicz, Szymon"]
[Result "0-1"]
[WhiteTitle "II"]
[BlackTitle "I+"]
[WhiteElo "1305"]
[BlackElo "1764"]

1. e4 c5 2. Nf3 Nc6 3. d4 cxd4 4. Nxd4 Nf6 5. Nc3 e5 6. Nb3 Bb4 7. Bd3 d5 8. O-O
Bxc3 9. bxc3 dxe4 10. Bb5 Bg4 11. Qxd8+ Rxd8 12. h3 Bd7 13. Re1 a6 14. Bf1 O-O
15. Nc5 Bc8 16. Bg5 h6 17. Bxf6 gxf6 18. Nxe4 f5 19. Nc5 Rd5 20. Nd3 e4 21. Nf4
Rd2 22. Re2 Rfd8 23. Rae1 Kg7 24. a3 Kf6 25. c4 Rxe2 26. Nxe2 Rd2 27. c3 Be6 28.
Nf4 Ne5 29. Nxe6 fxe6 30. Rb1 Rc2 31. Rb3 Rc1 32. c5 Nc4 33. Rxb7 Nd2 34. c6 Rxf1+
35. Kh2 Rc1 36. Rc7 Rxc3 37. Rc8 e3 38. fxe3 Nf1+ 39. Kg1 Nxe3 40. c7 Ke5 41.
Ra8 Rxc7 42. Rxa6 Rc2 43. g3 Rg2+ 44. Kh1 Rxg3 45. a4 f4 46. Ra8 Rxh3+ 47. Kg1
Rg3+ 48. Kf2 h5 49. a5 Ke4 50. a6 Rg2+ 51. Ke1 f3 52. Rf8 Re2# 0-1

[Event "POLFINAL MISTRZOSTW POLSKI JUNIOROW 2019 - C13"]
[Site "Ustron"]
[Date "1899-12-30"]
[Round "8.17"]
[White "Sidlo, Szymon"]
[Black "Zimny, Jakub"]
[Result "1-0"]
[WhiteTitle "II"]
[BlackTitle "II"]
[WhiteElo "1244"]
[BlackElo "1510"]

1. e4 c5 2. Nf3 d6 3. d4 cxd4 4. Nxd4 Nf6 5. Nc3 a6 6. g3 e5 7. Nde2 b5 8. Bg2
Bb7 9. Nd5 Nxd5 10. exd5 f5 11. b3 Nd7 12. Qd3 g6 13. Bb2 Nc5 14. Qd2 a5 15. Nc1
Bg7 16. Nd3 Nxd3+ 17. Qxd3 e4 18. Qxb5+ Qd7 19. Qxd7+ Kxd7 20. Bxg7 Rhg8 21. Bb2
Bxd5 22. O-O-O Be6 23. Ba3 d5 24. c4 Kc6 25. cxd5+ Bxd5 26. Rd2 a4 27. Rc2+ Kb6
28. Bc5+ Kb5 29. b4 Bc4 30. Bf1 Bxf1 31. Rxf1 Rgd8 32. Rd1 1-0

[Event "POLFINAL MISTRZOSTW POLSKI JUNIOROW 2019 - C13"]
[Site "Ustron"]
[Date "1899-12-30"]
[Round "8.18"]
[White "Pojawa, Jakub"]
[Black "Jendrowiak, Maciej"]
[Result "1/2-1/2"]
[WhiteTitle "II"]
[BlackTitle "II"]
[WhiteElo "1231"]
[BlackElo "1472"]

1. d4 c6 2. c4 d5 3. Nc3 e5 4. e3 e4 5. Qa4 Bd7 6. cxd5 cxd5 7. Bb5 Nf6 8. Bxd7+
Qxd7 9. Qxd7+ Nbxd7 10. Bd2 O-O-O 11. Rc1 Kb8 12. Nge2 Nb6 13. g3 h5 14. h4 Nc4
15. b3 Nb2 16. O-O Nd3 17. Rb1 Nh7 18. Nf4 Nxf4 19. exf4 Be7 20. Be3 Rhg8 21.
Kh1 a6 22. a4 f6 23. b4 g5 24. fxg5 fxg5 25. hxg5 Bxg5 26. Kh2 Nf6 27. Bxg5 Rxg5
28. b5 a5 29. b6 Rh8 30. Kg2 Rhg8 31. Rh1 e3 32. Rh3 exf2 33. Kxf2 Rf8 34. Ke2
Ng4 35. Rf1 Rxf1 36. Kxf1 Ne3+ 37. Kf2 Nc4 38. g4 Rxg4 39. Rxh5 Nxb6 40. Rh8+
Kc7 41. Nb5+ Kd7 42. Rh7+ Ke6 43. Rh6+ Kd7 44. Rxb6 Kc8 45. Rd6 Rg5 46. Kf3 Rh5
47. Kg4 Rh1 48. Rxd5 Ra1 49. Nc3 Ra3 50. Rc5+ Kd7 51. Rc4 Ra1 52. Kf5 Kd6 53.
Rc5 Rf1+ 54. Ke4 Re1+ 55. Kd3 b6 56. Ne4+ Rxe4 57. Rb5 Rh4 58. Rxb6+ Kc7 59. Rb5
Kc6 60. Rxa5 Kb6 61. Rg5 Rh8 62. Kc4 Ra8 63. Kb4 Kc6 64. Rc5+ Kd6 65. a5 Ra7 66.
Kc4 Ra8 67. d5 Ra6 68. Rb5 Ra8 69. Rb6+ Kc7 70. Kb5 Kc8 71. a6 Ra7 72. d6 Rh7
73. Kc6 Rc7+ 74. Kb5 Ra7 75. Rc6+ Kb8 76. Kc5 Rh7 77. Kd5 Rh5+ 78. Ke6 Rh6+ 79.
Kf5 Rh7 80. Rc3 Rg7 81. Kf6 Rh7 82. Rb3+ Kc8 83. Rb7 Rh6+ 84. Ke5 Rh5+ 85. Kd4
Rh4+ 86. Kc5 Rh5+ 87. Kc6 Rh6 88. Rg7 Kb8 89. a7+ Ka8 90. Kc7 Rh1 91. d7 Rc1+
92. Kd6 Rd1+ 93. Kc5 Rxd7 94. Rg4 1/2-1/2

[Event "POLFINAL MISTRZOSTW POLSKI JUNIOROW 2019 - C13"]
[Site "Ustron"]
[Date "1899-12-30"]
[Round "8.19"]
[White "Dembicki, Karol"]
[Black "Pieczulis, Hubert"]
[Result "1-0"]
[WhiteTitle "II"]
[BlackTitle "II"]
[WhiteElo "1388"]
[BlackElo "1346"]

1. e4 e6 2. d4 d5 3. exd5 exd5 4. Bd3 Bd6 5. Nf3 Ne7 6. O-O Nbc6 7. c3 f6 8. h3
h5 9. Nh4 Be6 10. Re1 Qd7 11. Qe2 Bf7 12. Ng6 Rg8 13. Qxh5 a6 14. Bf5 Qd8 15.
Nd2 Bxg6 16. Bxg6+ Kf8 17. Nf3 Nxg6 18. Qxg6 Ne7 19. Qh5 g6 20. Qh6+ Kf7 21. Qh4
Nf5 22. Qg4 Rh8 23. Bf4 Bxf4 24. Qxf4 Qd7 25. g4 Rxh3 26. gxf5 g5 27. Qg4 Rah8
28. Kg2 Qd6 29. Re6 Rh2+ 30. Nxh2 Qxh2+ 31. Kf1 Qh1+ 32. Qg1 Qf3 33. Re3 Qxf5
34. Rae1 Rh3 35. Rxh3 Qxh3+ 36. Qg2 Qd3+ 37. Kg1 1-0

[Event "POLFINAL MISTRZOSTW POLSKI JUNIOROW 2019 - C13"]
[Site "Ustron"]
[Date "1899-12-30"]
[Round "8.20"]
[White "Garwacki, Kornel"]
[Black "Latacz, Grzegorz"]
[Result "0-1"]
[WhiteTitle "II"]
[BlackTitle "II"]
[WhiteElo "1207"]
[BlackElo "1367"]

1. e4 e6 2. d4 d5 3. exd5 exd5 4. Bd3 Nc6 5. Nf3 Nf6 6. O-O Be7 7. h3 O-O 8. Bg5
Ne4 9. Bxe7 Qxe7 10. Re1 Qb4 11. b3 f5 12. a3 Qd6 13. c3 Bd7 14. Nfd2 Kh8 15.
f3 Nxd2 16. Nxd2 Rae8 17. b4 Qf4 18. Qc2 Qg3 19. Rxe8 Rxe8 20. Bxf5 Re2 21. Nf1
Qxg2# 0-1

[Event "POLFINAL MISTRZOSTW POLSKI JUNIOROW 2019 - C13"]
[Site "Ustron"]
[Date "1899-12-30"]
[Round "8.21"]
[White "Bochenek, Ryszard"]
[Black "Fojcik, Kacper"]
[Result "1-0"]
[WhiteTitle "II"]
[BlackTitle "II"]
[WhiteElo "1324"]
[BlackElo "1286"]

1. e4 c6 2. d4 d5 3. Nc3 dxe4 4. Nxe4 Bf5 5. Ng3 Bg6 6. h4 h6 7. Nh3 e6 8. Nf4
Bh7 9. Bc4 Nf6 10. O-O Bd6 11. Re1 Qc7 12. Ngh5 Nxh5 13. Nxh5 O-O 14. Qg4 Bg6
15. Nxg7 Kh7 16. Nh5 Nd7 17. Qf3 Qd8 18. Qe3 Bxh5 19. Qxh6+ Kg8 20. Qxh5 Nf6 21.
Qg5+ Kh8 22. Qh6+ Kg8 23. Bg5 Be7 24. Bxf6 Bxf6 25. Bd3 1-0

[Event "POLFINAL MISTRZOSTW POLSKI JUNIOROW 2019 - C13"]
[Site "Ustron"]
[Date "1899-12-30"]
[Round "8.22"]
[White "Marek, Grzegorz"]
[Black "Turowski, Maciej"]
[Result "1/2-1/2"]
[WhiteTitle "II"]
[BlackTitle "II"]
[WhiteElo "1302"]
[BlackElo "1244"]

1. e4 d5 2. exd5 Qxd5 3. Nc3 Qd6 4. d4 Nf6 5. Nf3 Bg4 6. Bc4 e6 7. O-O a6 8. Be3
Nc6 9. h3 Bh5 10. Ne2 Bxf3 11. gxf3 O-O-O 12. c3 Nd5 13. Qc2 g5 14. Bxd5 Qxd5
15. Qe4 Qd6 16. Kh1 f5 17. Qc2 Be7 18. Rg1 Qd5 19. Kg2 f4 20. Bc1 e5 21. Rd1 h5
22. Qe4 Qe6 23. b3 Rd6 24. Ba3 Rdd8 25. Bxe7 Nxe7 26. Qxe5 Qxe5 27. dxe5 Nc6 28.
Nd4 Rhe8 29. Nxc6 bxc6 30. Rxd8+ Kxd8 31. Rd1+ Ke7 32. Rd4 Ke6 33. Ra4 Ra8 34.
Ra5 h4 35. Kf1 Ra7 36. c4 Ra8 37. Ke2 Kf5 38. Rc5 Re8 39. Rxc6 Rxe5+ 40. Kd2 Re7
41. Rxa6 Rd7+ 42. Ke2 Re7+ 43. Kf1 c5 44. Rc6 Re5 45. a4 g4 46. hxg4+ Kg5 47.
Rd6 Re8 48. Rd5+ Kg6 49. a5 Rb8 50. a6 Rxb3 51. Rxc5 Ra3 52. Rc6+ Kg5 53. Kg2
Ra4 54. c5 Ra5 55. Rb6 h3+ 56. Kxh3 Rxa6 57. Kg2 Ra4 58. Rc6 Rc4 59. Rc8 Kf6 60.
c6 Ke7 61. g5 Rc5 62. Rc7+ Kd6 63. Rg7 Kxc6 64. Kh3 Kd6 65. Kg4 Ke6 66. Rg6+ Kf7
67. Rf6+ Kg7 68. Rxf4 Ra5 69. Re4 Ra2 70. Kg3 Kg6 71. f4 Ra1 72. Re6+ Kf7 73.
Rf6+ Kg7 74. Kg4 Rg1+ 75. Kf5 Rg2 76. f3 Ra2 77. Rd6 Ra5+ 78. Kg4 Ra4 79. g6 Kh6
80. Kf5 Ra5+ 81. Kf6 Ra8 82. g7 Kh7 83. f5 Ra7 84. Re6 Rf7+ 85. Ke5 Kxg7 86. f4
Ra7 87. f6+ Kg6 88. f5+ Kf7 89. Rd6 Ra5+ 90. Kf4 Ra1 91. Ke5 Re1+ 1/2-1/2

[Event "POLFINAL MISTRZOSTW POLSKI JUNIOROW 2019 - C13"]
[Site "Ustron"]
[Date "1899-12-30"]
[Round "8.23"]
[White "Borowik, Karol"]
[Black "Katny, Samuel"]
[Result "1-0"]
[WhiteTitle "II"]
[BlackTitle "II"]
[WhiteElo "1224"]
[BlackElo "1335"]

1. d4 d5 2. c4 dxc4 3. Nc3 c6 4. Nf3 Nf6 5. e3 b5 6. a4 b4 7. Na2 b3 8. Nc3 Ba6
9. Ne5 c5 10. Bxc4 Bxc4 11. Nxc4 cxd4 12. exd4 Nc6 13. Be3 Rb8 14. O-O e6 15.
Bf4 Rb4 16. Ne5 Nxd4 17. Nd3 Rb6 18. a5 Ra6 19. Qd2 Bb4 20. Nxb4 Rd6 21. Bxd6
Qxd6 22. Rfd1 Qc5 23. Qxd4 Qxd4 24. Rxd4 O-O 25. Rad1 h6 26. Rd8 Ne8 27. a6 f5
28. R1d7 f4 29. f3 g5 30. Rxa7 h5 31. Rb7 1-0

[Event "POLFINAL MISTRZOSTW POLSKI JUNIOROW 2019 - C13"]
[Site "Ustron"]
[Date "1899-12-30"]
[Round "8.24"]
[White "Gibas, Aleksander"]
[Black "Rzepka, Marcin"]
[Result "0-1"]
[WhiteTitle "III"]
[BlackTitle "II"]
[WhiteElo "1010"]
[BlackElo "1323"]

1. e4 c5 2. c3 g6 3. Bc4 Bg7 4. Ne2 e6 5. d4 cxd4 6. cxd4 d5 7. Bb5+ Bd7 8. Bxd7+
Qxd7 9. e5 Ne7 10. O-O O-O 11. Ng3 Nbc6 12. Nc3 a6 13. h4 b5 14. a3 Rac8 15. h5
Na5 16. h6 Bh8 17. Bd2 Nc4 18. b3 Nxd2 19. Qxd2 Rc7 20. Rac1 Rfc8 21. Nce2 Nc6
22. b4 Ne7 23. Rxc7 Rxc7 24. Rc1 Rc4 25. Rxc4 bxc4 26. Nc3 f6 27. f4 Qa7 28. Nge2
Nc6 29. Kh2 fxe5 30. fxe5 Nxd4 31. Kh1 Nxe2 32. Qxe2 Qd4 33. Na4 Qa1+ 0-1

[Event "POLFINAL MISTRZOSTW POLSKI JUNIOROW 2019 - C13"]
[Site "Ustron"]
[Date "1899-12-30"]
[Round "9.1"]
[White "Wojdak, Jan"]
[Black "Kusiak, Mateusz"]
[Result "1-0"]
[WhiteTitle "I++"]
[BlackTitle "I"]
[WhiteElo "2062"]
[BlackElo "1597"]

1. e4 c5 2. Nf3 e6 3. b3 Nf6 4. e5 Nd5 5. Bb2 Nc6 6. Bb5 Qc7 7. O-O Be7 8. Re1
b6 9. Bxc6 Qxc6 10. d4 Bb7 11. Nbd2 g5 12. Ne4 O-O-O 13. c4 Nf4 14. Qd2 d6 15.
exd6 Bxd6 16. d5 exd5 17. Nxd6+ Rxd6 18. Bxh8 dxc4 19. Qc2 Nxg2 20. Qf5+ Kd8 21.
Ne5 Qd5 22. Nxf7+ Kc7 23. Qxd5 Rxd5 24. Re7+ Kc8 25. Be5 Rd7 26. Re8+ 1-0

[Event "POLFINAL MISTRZOSTW POLSKI JUNIOROW 2019 - C13"]
[Site "Ustron"]
[Date "1899-12-30"]
[Round "9.2"]
[White "Pisarek, Jan"]
[Black "Karut, Kacper"]
[Result "1/2-1/2"]
[WhiteTitle "I"]
[BlackTitle "II+"]
[WhiteElo "1534"]
[BlackElo "1536"]

1. e4 c5 2. Nf3 d6 3. d4 cxd4 4. Nxd4 Nf6 5. Nc3 Nc6 6. Bg5 e6 7. Qd2 a6 8. O-O-O
Bd7 9. f4 b5 10. Bxf6 gxf6 11. Kb1 b4 12. Nce2 Qb6 13. f5 e5 14. Nxc6 Bxc6 15.
Ng3 h5 16. h4 Qc5 17. Qe2 Ke7 18. Nxh5 Bb5 19. Qf3 Rc8 20. Bxb5 Qxc2+ 21. Ka1
axb5 22. g4 Ra8 23. Qd3 Qxd3 24. Rxd3 Bh6 25. Rg1 Rag8 26. Rgd1 Rd8 27. Kb1 Rhg8
28. Rg1 Rc8 29. Rdg3 Rc4 30. g5 fxg5 31. hxg5 Bf8 32. Nf6 Rh8 33. Rc1 Rxc1+ 34.
Kxc1 Bg7 35. Nd5+ Kd7 36. Kc2 Rh4 37. f6 Bf8 38. g6 fxg6 39. Rxg6 Rxe4 40. Kb3
Ke6 1/2-1/2

[Event "POLFINAL MISTRZOSTW POLSKI JUNIOROW 2019 - C13"]
[Site "Ustron"]
[Date "1899-12-30"]
[Round "9.3"]
[White "Maslanka, Wojciech"]
[Black "Rzenca, Jerzy"]
[Result "1/2-1/2"]
[WhiteTitle "I"]
[BlackTitle "II+"]
[WhiteElo "1614"]
[BlackElo "1483"]

1. e4 c6 2. d4 d5 3. Nc3 dxe4 4. Nxe4 Bf5 5. Ng3 Bg6 6. h4 h6 7. Nf3 Nd7 8. h5
Bh7 9. Bd3 Bxd3 10. Qxd3 e6 11. Bd2 Ngf6 12. O-O-O Be7 13. Kb1 Qb6 14. Be3 Ng4
15. Ne4 Nxe3 16. fxe3 O-O-O 17. Ned2 Qc7 18. Qe2 e5 19. Nc4 exd4 20. exd4 Bf6
21. Rhe1 Nb6 22. Nxb6+ Qxb6 23. c3 Qc7 24. Qe4 Rhe8 25. Qxe8 Rxe8 26. Rxe8+ Kd7
27. Rde1 Qd6 28. Ne5+ Bxe5 29. R8xe5 a6 30. Kc2 Qf6 31. R1e2 1/2-1/2

[Event "POLFINAL MISTRZOSTW POLSKI JUNIOROW 2019 - C13"]
[Site "Ustron"]
[Date "1899-12-30"]
[Round "9.4"]
[White "Dziewonski, Dariusz"]
[Black "Trzebinski, Patryk"]
[Result "1-0"]
[WhiteTitle "I+"]
[BlackTitle "I"]
[WhiteElo "1868"]
[BlackElo "1607"]

1. e4 c5 2. Nf3 d6 3. d4 cxd4 4. Nxd4 Nf6 5. Nc3 Nc6 6. Bc4 g6 7. Be3 Bg7 8. f3
O-O 9. Qd2 Bd7 10. O-O-O Rc8 11. Bb3 Ne5 12. h4 h5 13. Bg5 b5 14. g4 Nc4 15. Qd3
Ne5 16. Qd2 b4 17. Nd5 Nxd5 18. Bxd5 Nc4 19. Qe2 Nb6 20. gxh5 Nxd5 21. exd5 Qa5
22. Kb1 Bxd4 23. Rxd4 Bf5 24. Rd2 b3 25. axb3 Qb4 26. Qe3 a5 27. hxg6 fxg6 28.
h5 a4 29. hxg6 axb3 30. Qxe7 Bxg6 31. Qe6+ Bf7 32. Qh6 Bh5 33. Qxh5 bxc2+ 34.
Kc1 Rc7 35. Qh8+ Kf7 36. Qh7+ Ke8 37. Re1+ Qe4 38. Rxe4+ Re7 39. Qxe7# 1-0

[Event "POLFINAL MISTRZOSTW POLSKI JUNIOROW 2019 - C13"]
[Site "Ustron"]
[Date "1899-12-30"]
[Round "9.5"]
[White "Wieckowski, Michal"]
[Black "Wieczorek, Mikolaj"]
[Result "1-0"]
[WhiteTitle "II+"]
[BlackTitle "I"]
[WhiteElo "1532"]
[BlackElo "1792"]

1. e4 c5 2. Nc3 d6 3. f4 g6 4. Nf3 Bg7 5. d4 cxd4 6. Nxd4 Nc6 7. Nxc6 bxc6 8. Bc4
Qb6 9. Qe2 e6 10. a4 Ne7 11. a5 Qc7 12. O-O O-O 13. Bd3 d5 14. e5 a6 15. Na4 Qxa5
16. Be3 Qd8 17. Bb6 Qe8 18. Bc5 Rb8 19. Nb6 Qd8 20. Qe3 Re8 21. g4 Bb7 22. Bd6
d4 23. Qxd4 Nc8 24. Nxc8 Rxc8 25. g5 Bf8 26. Bxa6 c5 27. Qe3 Bxa6 28. Rxa6 Bxd6
29. exd6 Qd7 30. Qd3 e5 31. f5 e4 32. Qd5 e3 33. Ra7 Qxa7 34. fxg6 e2 35. gxf7+
Kg7 36. fxe8=N+ Rxe8 37. Re1 c4+ 38. Kg2 Qe3 39. Qf3 Qxg5+ 40. Qg3 Qxg3+ 41. Kxg3
Rd8 42. Rxe2 Rxd6 43. Re4 Rb6 44. Rxc4 Rxb2 45. Rc6 Rb1 46. c4 Rc1 47. c5 Rc4
48. Rc8 Rc3+ 49. Kg4 Rc1 50. c6 Rc2 51. Kf5 Rxh2 52. Rd8 Rc2 53. Rd7+ Kh6 54.
c7 Rc5+ 55. Kf6 Rc6+ 56. Ke5 Rc1 57. Kf6 Rc6+ 58. Ke7 Kg5 59. Kd8 h5 1-0

[Event "POLFINAL MISTRZOSTW POLSKI JUNIOROW 2019 - C13"]
[Site "Ustron"]
[Date "1899-12-30"]
[Round "9.6"]
[White "Madajczak, Piotr"]
[Black "Taranowicz, Michal"]
[Result "1-0"]
[WhiteTitle "I"]
[BlackTitle "I"]
[WhiteElo "1676"]
[BlackElo "1560"]

1. c4 Nf6 2. Nc3 g6 3. g3 Bg7 4. Bg2 O-O 5. e3 d6 6. Nge2 e5 7. O-O Nc6 8. Rb1
Be6 9. Nd5 Qd7 10. Nec3 Bh3 11. Nxf6+ Bxf6 12. Nd5 Bd8 13. d3 Bxg2 14. Kxg2 f5
15. f4 Ne7 16. Qf3 c6 17. Nxe7+ Qxe7 18. Bd2 Bb6 19. Rbe1 Rae8 20. Qd1 Qd7 21.
Qb3 d5 22. cxd5 Qxd5+ 23. Qxd5+ cxd5 24. Bb4 Rf7 25. Bd6 e4 26. d4 Rf6 27. Bb4
Rc6 28. Bc3 Rec8 29. h3 Bd8 30. Re2 b5 31. Bb4 Bb6 32. g4 a5 33. Be1 Rc1 34. Bc3
Rxf1 35. Kxf1 b4 36. Be1 Rc1 37. Kg2 Bd8 38. g5 Be7 39. b3 h5 40. Kf2 Kf7 41.
Rb2 Ke6 42. Ke2 Kd7 43. Kd2 Rc3 44. Ke2 Rd3 45. Bd2 Kc6 46. Rc2+ Kb7 47. Rb2 Bd6
48. Rc2 Be7 49. Rc1 a4 50. Rb1 Kb6 51. Kd1 Kb5 52. Kc2 Bd6 53. Rb2 a3 54. Rb1
Bxf4 55. exf4 Rxd4 56. Re1 Rd3 57. Re3 Rd4 58. Be1 Kc6 59. Bf2 Kc5 60. Re1 e3
61. Bxe3 1-0

[Event "POLFINAL MISTRZOSTW POLSKI JUNIOROW 2019 - C13"]
[Site "Ustron"]
[Date "1899-12-30"]
[Round "9.7"]
[White "Nowak, Filip"]
[Black "Halhoul, Adam"]
[Result "0-1"]
[WhiteTitle "I"]
[BlackTitle "II+"]
[WhiteElo "1629"]
[BlackElo "1491"]

1. e4 c5 2. Nf3 d6 3. d4 cxd4 4. Nxd4 Nf6 5. Nc3 g6 6. Be3 Bg7 7. f3 Nc6 8. Qd2
O-O 9. O-O-O d5 10. exd5 Nxd5 11. Nxc6 bxc6 12. Bd4 Bxd4 13. Qxd4 Qb6 14. Nxd5
cxd5 15. Qxd5 Be6 16. Qd4 Qc7 17. b3 a5 18. Bb5 Rab8 19. Ba4 Rb4 20. Qe3 Bf5 21.
c3 Rfb8 22. Kd2 R4b6 23. c4 Re6 24. Qg5 Qe5 0-1

[Event "POLFINAL MISTRZOSTW POLSKI JUNIOROW 2019 - C13"]
[Site "Ustron"]
[Date "1899-12-30"]
[Round "9.8"]
[White "Kozera, Dawid"]
[Black "Czernecki, Andrzej"]
[Result "1-0"]
[WhiteTitle "II"]
[BlackTitle "II+"]
[WhiteElo "1423"]
[BlackElo "1569"]

1. e4 c5 2. Nf3 d6 3. d4 cxd4 4. Nxd4 Nf6 5. Nc3 Nc6 6. Bc4 Qb6 7. Nb3 e6 8. Bf4
Ne5 9. Be2 Bd7 10. Qd2 a6 11. O-O-O Be7 12. g4 Bc6 13. f3 Rd8 14. h4 Qc7 15. Bxe5
dxe5 16. Qe3 Rxd1+ 17. Rxd1 O-O 18. h5 h6 19. Kb1 Nd7 20. a3 Bg5 21. Qf2 b5 22.
Na2 Nb6 23. Nb4 Bb7 24. Na5 Na4 25. Qa7 Qxa5 26. Qxb7 Rd8 27. Qxa6 Rxd1+ 28. Bxd1
Qd8 29. Nd3 Qd4 30. Qxb5 Qg1 31. Qxa4 Qxd1+ 32. Ka2 Qxf3 33. Nxe5 Qf6 34. Qe8+
Kh7 35. Nxf7 g6 36. Nxg5+ hxg5 37. Qxg6+ 1-0

[Event "POLFINAL MISTRZOSTW POLSKI JUNIOROW 2019 - C13"]
[Site "Ustron"]
[Date "1899-12-30"]
[Round "9.9"]
[White "Tarawski, Adrian"]
[Black "Stefaniuk, Zbigniew"]
[Result "1/2-1/2"]
[WhiteTitle "II+"]
[BlackTitle "II"]
[WhiteElo "1431"]
[BlackElo "1446"]

1. e4 c5 2. Nf3 Nc6 3. Nc3 e6 4. d4 cxd4 5. Nxd4 Nf6 6. Ndb5 Bb4 7. a3 Bxc3+ 8.
Nxc3 d5 9. exd5 exd5 10. Bd3 O-O 11. O-O d4 12. Ne2 Re8 13. Bg5 Bg4 14. f3 Bh5
15. Nf4 Bg6 16. Nxg6 hxg6 17. Qd2 Qd6 18. Bf4 Qd7 19. Rfe1 Nd5 20. Bg3 Rxe1+ 21.
Rxe1 Re8 22. Bb5 Rxe1+ 23. Qxe1 Ne3 24. Bf2 Qf5 25. Bd3 Qg5 26. Bg3 Ne5 27. Be4
Nc6 28. Qd2 Qb5 29. Qc1 Qe2 30. Bf2 Nd1 31. Bg3 Ne3 32. Bf2 Nd1 33. Bg3 1/2-1/2